Europäische Städte nach Konditionen - Statistiken

Allgemein
  • Dieses Quiz wurde 48 mal gespielt
  • Das Durchschnittsergebnis liegt bei 6 aus 10
Antwortstatistiken
Frage Antwort % Korrekt
Welche dieser Städte ist eine Hauptstadt eines europäischen Landes? Bukarest
100%
Welche dieser Städte hat innerhalb ihrer Stadtgrenze eine Bevölkerung von über 5 Millionen? Moskau
100%
Welche dieser Städte liegt in Frankreich? Straßburg
100%
Welche dieser Städte macht, innerhalb der Stadtgrenze, den größten prozentualen Anteil des Landes aus? Valletta
82%
Welche dieser Städte ist die am meisten besuchte? (2023) London
64%
Welche dieser Städte liegt am Nächsten zum europäischen Mittelpunkt? Triest
55%
Welche dieser Städte besitzt das höchste Gebäude? Warschau
45%
Welche dieser Städte besitzt den größten BIP pro Kopf? (2023) Dublin
27%
Welche dieser Städte ist die größte? Banja Luka
0%
Welche dieser Städte ist, auf deren Land bezogen, auch ein Stadtstaat? Oslo
0%
Keine übereinstimmenden Quizze gefunden
Verteilung der Resultate
Anzahl Personen mit jedem Resultat
Perzentil nach korrekt beantworteten Fragen
Ihre Resultats-Entwicklung
Sie haben dieses Quiz noch nicht gespielt